Bosnian Cities by Picture - Statistics

General Stats
  • This quiz has been taken 130 times
  • The average score is 11 of 20
Answer Stats
Picture Answer % Correct
Sarajevo
100%
Mostar
96%
Banja Luka
94%
Tuzla
85%
Zenica
82%
Bihać
70%
Jajce
70%
Trebinje
59%
Doboj
58%
Travnik
56%
Brčko
51%
Bijeljina
49%
Cazin
42%
Prijedor
41%
Zvornik
35%
Livno
32%
Velika Kladuša
21%
Živinice
21%
Prnjavor
11%
Vlasenica
5%
No matching quizzes found
Score Distribution
Percent of People with Each Score
Percentile by Number Answered
Your Score History
You have not taken this quiz